00787nas a2200229Ia 4500001001100000003000900011008004100020040001300061040001300074041001300087100004500100210001700145222001700162245007100179250001100250260002900261501008600290300001700376362003400393500009400427650003600521R035/66785IT-RoPAU151124c99999999xx |||||||||||| ||und|| aIT-RoPAU cIT-RoPAU aITALIANO aCastelli PaologCodice Aut. SPICS: 8305 aSEGNO CINEMA aSegno Cinema aSEGNO CINEMA, ANNO 08-N.31 (GENNAIO 1988)bDivertirsi Coi Trailers a1a ed. aVICENZAbCINEFORUMc1988 bPaulus - SPICS - Società San Paolo EM (non-commercial uses only)cCopyright2015 a2 p. [37-38] aANNO 008, N.31 (GENNAIO 1988) aIntervista Ad Anders Refn, Giovane Regista Danese che Ha Montato e Direttomolti Trailers. aCINEMAvPUBBLICAZIONE PERIODICA